| 000 | 00410nam a22001217a 4500 | ||
|---|---|---|---|
| 082 | _a200 THE | ||
| 100 |
_aMadia Safdar _970292 |
||
| 245 | _aTH-SOF-1149-Optimized Residential Load Scheduling under User Defined Constraints in a Real-time Tariff Paradigm | ||
| 260 |
_aIslamabad _bNUST College of EME _c2015 |
||
| 650 | _a MS-ELECT-75 MSTHESIS | ||
| 700 |
_aSupervison Dr. Mashhood Ahmad _970293 |
||
| 942 | _cCF | ||
| 999 |
_c577282 _d577282 |
||